000 02579nam0a2200397 4500
001 RU\NLR\BIBL_A\022459153
005 20260407120344.0
010 _a978-5-6051809-9-9
_91000
035 _a(NLR Aleph) 022459153
090 _a13362961
_c13362961
100 _a20250217d2024 |||y0rusy50 ca
101 0 _arus
102 _aRU
105 _aа z 010zb
181 0 _ab2
_bab2e
181 0 _ai1
_baxxe
182 0 _an
200 1 _aКонёнков
_eскульптура, графика в собрании Смоленского государственного музея-заповедника
_eальбом-каталог
_eк 150-летию скульптора
_f[ОГБУК "Смоленский государственный музей-заповедник"]
_gавтор-составитель А. П. Полканова
203 _aИзображение
_aТекст
_bвизуальные
_cнепосредственные
210 _aСмоленск
_cСмоленский государственный музей-заповедник
_d2024
215 _a215 с.
_cил., портр., цв. ил.
_d22х25
300 _aЗагл. в вып. дан. и макете: Сергей Тимофеевич Конёнков. Скульптура и графика в собрании Смоленского государственного музея-заповедника
517 1 _aСергей Тимофеевич Конёнков. Скульптура и графика в собрании Смоленского государственного музея-заповедника
600 1 _aКоненков
_bС.Т.
_f1874 - 1971
_gСергей Тимофеевич
_91358560
_3RU\NLR\AUTH\66568136
601 0 2 _aСмоленский государственный музей-заповедник
_xКоллекция изобразительного искусства
_92388086
_3RU\NLR\AUTH\661424354
686 1 _aЩ101.3(2Р)-2Смоленск2Государственный музей-заповедник л61
686 1 _aЩ133(2Р=Рус)7-8Коненков л61
686 1 _aЩ153(2Р=Рус)7-8Коненков л61
702 1 _aКонёнков
_bС. Т.
_f1874-1971
_gСергей Тимофеевич
_3RU\NLR\AUTH\770274126
_4570
702 1 _aПолканова
_bА. П.
_4220
711 0 2 _aСмоленский государственный музей-заповедник
_3RU\NLR\AUTH\8810068830
_9639279
942 _cBOOK
980 _aNB